00704nam a2200229 a 4500001001300000003000900013005001700022008004100039020002300080082001600103245003100119260003200150300000900182500003500191505001000226650002300236710005400259902000800313942000700321952012900328999001700457nice12345678IN_TiNIC20260116014202.0050524s2003 dela grp 000 0 eng  a8173910 c99500a340.59bORG aIslamic Views Human Rights aDelhibKanishka Pub. c2003 a399p aincludes index and biblioraphy2 aIndex aHuman Rights-Islam2 aOrganization for Islamic Culture & Communications bSRS cBK 001040708StackRoom-aHMIbHMId2011-08-19g995.00l1o340.59 ORGp020444r2016-09-30s2016-07-20v995.00w2005-05-24yBK c14231d14231